00189nam a2200073Ia 4500008004100000245002300041260004200064260000900106170620s9999 xx 000 0 und d 0aDistance Education bNew Delhi- Discovery Publishing House c1995